Lowthorpe School of Landscape Architecture, Gardening and Horticulture for Women : Groton, Massachusetts.

Saved in:
Bibliographic Details
Corporate Author: Lowthorpe School of Landscape Architecture, Gardening and Horticulture for Women.
Format: Book
Language:English
Published: [Groton, Mass.? : Lowthorpe School, 1920]
Subjects:
Tags: Add Tag
No Tags, Be the first to tag this record!
LEADER 00826nam a22001937u 4500
001 000000234-8
005 20090409103511.0
008 821202q19201925||||||| |||| |0||||eng|d
035 0 |a ocn424456168 
245 0 0 |a Lowthorpe School of Landscape Architecture, Gardening and Horticulture for Women :  |b Groton, Massachusetts. 
260 0 |a [Groton, Mass.? :  |b Lowthorpe School,  |c 1920] 
300 |a [8] p. ;  |c 15 cm. 
500 |a Catalog includes three year course of study and fees. 
610 2 0 |a Lowthorpe School of Landscape Architecture, Gardening and Horticulture for Women. 
650 0 |a Landscape architecture  |x Study and teaching  |z Massachusetts. 
650 0 |a Professional education of women  |z Massachusetts. 
710 2 |a Lowthorpe School of Landscape Architecture, Gardening and Horticulture for Women. 
988 |a 20020608 
906 |0 MH